[Event "USA-ch Seniors 2019"]
[Site "Saint Louis"]
[Date "2019.07.19"]
[Round "8.4"]
[White "Yermolinsky, Alex"]
[Black "Kaidanov, Gregory"]
[Result "1-0"]
[WhiteElo "2504"]
[BlackElo "2544"]
[Annotator "TA"]
[PlyCount "93"]
[EventDate "2019.07.09"]
[EventType "tourn"]
[EventCountry "USA"]
[SourceTitle "playchess.com"]
[Source "ChessBase"]
[SourceQuality "1"]

{[%evp 20,93,27,0,-8,-33,23,23,23,23,16,16,41,49,36,39,57,56,77,62,93,22,105,96,148,150,133,151,165,161,185,175,228,228,228,214,255,226,255,260,259,254,256,254,364,361,354,357,370,360,637,345,747,747,698,706,637,558,555,527,575,566,576,553,1172,1017,2691,2694,6825,3491,7111,8149,5627,5522,3398,3050]} 1. c4 e6 2. Nc3 d5 3. d4 Nf6 4. Bg5 $146 ({Predecessor:} 4. cxd5 exd5 5. Bg5 c6 6. e3 {1-0 (34) Dragnev,V (2499)-Wallner,J (2311) Vienna 2018}) 4... c6 5. e3 Nbd7 6. cxd5 exd5 7. Bd3 Bd6 8. Nf3 O-O 9. Qc2 h6 10. Bh4 Re8 11. O-O-O Qa5 {D36: Queen's Gambit Declined: Exchange Variation: Main line (5 Bg5 c6 6 Qc2)} 12. Kb1 Bb4 (12... Ne4 $1 $15) 13. Nd2 $11 Bxc3 {White has an edge.} 14. Qxc3 Qxc3 15. bxc3 Ne4 16. Nxe4 dxe4 17. Be2 Nb6 18. c4 Be6 {[#]} 19. Rc1 $1 c5 20. Rhd1 ({Reject} 20. dxc5 $6 Na4 $11) ({Better is} 20. d5 $16 Bc8 21. Bd1) 20... Rac8 (20... cxd4 $11 {keeps the balance.} 21. exd4 (21. Rxd4 Nd7 $11) 21... Rac8) 21. d5 $16 Bf5 (21... Bd7 $142) 22. Rc3 Nd7 23. g4 Bh7 24. Kb2 f6 25. Bg3 Kf7 (25... b6 $142 26. a4 Rcd8) 26. Rb3 $18 b6 27. Kc3 Ra8 28. a4 a5 29. Bc7 Ra6 30. Rdb1 Ke7 31. h4 g5 (31... Rc8 $142) 32. h5 Rc8 33. Bxb6 Kd6 34. Rb5 Rca8 $2 (34... Bg8 35. Bd1 (35. Bxa5 Rca8 $16) 35... Rca8) 35. R1b2 f5 $2 (35... Bg8 36. Bd1 Bh7) 36. Bxc5+ {White is clearly winning.} Nxc5 37. Kd4 Rc8 38. Rb6+ Rxb6 39. Rxb6+ Kd7 40. Rxh6 Bg8 41. gxf5 Nxa4 42. f6 {Strongly threatening Bg4+.} Nc5 43. Bg4+ Ne6+ 44. dxe6+ Bxe6 45. Rh7+ Kd6 {[#]} 46. c5+ $1 Rxc5 47. Bxe6 {Accuracy: White = 77%, Black = 25%.} 1-0

[Event "USA-ch Seniors 2019"]
[Site "Saint Louis"]
[Date "2019.07.19"]
[Round "8.5"]
[White "Fishbein, Alexander"]
[Black "Shabalov, Alexander"]
[Result "0-1"]
[WhiteElo "2432"]
[BlackElo "2500"]
[Annotator "RC"]
[PlyCount "116"]
[EventDate "2019.07.09"]
[EventType "tourn"]
[EventCountry "USA"]
[SourceTitle "playchess.com"]
[Source "ChessBase"]
[SourceQuality "1"]
[TimeControl "40/5400+30:1800+30"]

1. e4 {[%emt 0:00:00]} c6 {[%emt 0:00:04]} 2. d4 {[%emt 0:00:28]} d5 {[%emt 0:00:06]} 3. Nc3 {[%emt 0:00:03]} dxe4 {[%emt 0:00:20]} 4. Nxe4 {[%emt 0:00:04]} Bf5 {[%emt 0:00:08]} 5. Nc5 {[%emt 0:00:19]} e5 {[%emt 0:03:06]} 6. Nxb7 {[%emt 0:00:15]} Qc7 {[%emt 0:00:05]} 7. Nc5 {[%emt 0:01:52]} Nf6 {[%emt 0:00:05]} 8. Nb3 {[%emt 0:15:51]} Nbd7 {[%emt 0:06:18]} 9. g3 {[%emt 0:08:36]} a5 {[%emt 0:21:30]} 10. Bg2 {[%emt 0:03:17]} a4 {[%emt 0:02:29]} 11. Nd2 {[%emt 0:00:36]} exd4 {[%emt 0:00:37]} 12. Ngf3 {[%emt 0:06:11]} Bc5 {[%emt 0:05:53]} 13. Qe2+ {[%emt 0:03:01]} Kd8 {[%emt 0:03:53]} 14. O-O {[%emt 0:00:42]} Re8 {[%emt 0:05:25]} 15. Qc4 {[%emt 0:10:50]} Qd6 {[%emt 0:07:50]} 16. b4 {[%emt 0:05:26]} Bb6 {[%emt 0:22:23]} 17. b5 {[%emt 0:02:37]} Rc8 {[%emt 0:08:01]} 18. Qxa4 {[%emt 0:05:51]} cxb5 {[%emt 0:00:45]} 19. Qxb5 {[%emt 0:00:25]} Bxc2 {[%emt 0:00:21]} 20. Nb3 {[%emt 0:05:40]} d3 {[%emt 0:00:45]} 21. Ng5 {[%emt 0:01:11]} Re7 {[%emt 0:02:23]} 22. a4 {[%emt 0:04:01]} Qe5 {[%emt 0:02:40]} 23. Qxe5 {[%emt 0:04:56]} Nxe5 {[%emt 0:00:04]} 24. a5 {[%emt 0:00:29]} Ba7 {[%emt 0:00:38]} 25. Nd2 {[%emt 0:00:16]} Neg4 {[%emt 0:00:56]} 26. Nge4 {[%emt 0:06:38]} Bd4 {[%emt 0:01:12]} 27. Ra2 {[%emt 0:01:14]} Nxe4 {[%emt 0:00:36]} 28. Bxe4 {[%emt 0:00:21]} Nxf2 {[%emt 0:01:23]} 29. Rxf2 {[%emt 0:00:22]} Bb1 {[%emt 0:00:53]} 30. Ra4 {[%emt 0:07:06]} Rxc1+ {[%emt 0:00:27]} 31. Kg2 {[%emt 0:00:00]} Bxf2 {[%emt 0:00:10]} 32. Kxf2 {[%emt 0:00:03]} Rc2 {[%emt 0:01:03]} 33. Ke3 {[%emt 0:00:27]} f5 {[%emt 0:00:28]} 34. a6 {[%emt 0:00:47]} Ra2 {[%emt 0:01:28]} 35. Rd4+ {[%emt 0:03:09]} Ke8 {[%emt 0:00:55]} 36. Nxb1 {[%emt 0:00:40]} Re2+ {[%emt 0:01:17]} 37. Kxd3 {[%emt 0:00:24]} R2xe4 {[%emt 0:00:06]} 38. Rd5 {[%emt 0:02:32]} Ra4 {[%emt 0:00:55]} 39. Rxf5 {[%emt 0:00:22]} Rxa6 {[%emt 0:00:09]} 40. Nc3 {[%emt 0:00:00]} Rd6+ {[%emt 0:00:00]} 41. Rd5 {[%emt 0:01:20]} Rh6 {[%emt 0:03:28]} 42. h4 {[%emt 0:00:39]} Rhe6 {[%emt 0:02:58]} 43. Kd2 {[%emt 0:02:45]} Kf7 {[%emt 0:00:44]} 44. Rd4 {[%emt 0:00:57]} Re5 {[%emt 0:00:36]} 45. Rd3 {[%emt 0:01:33]} Rb7 {[%emt 0:00:42]} 46. Nd1 {[%emt 0:00:53]} Ke6 {[%emt 0:00:21]} 47. Ne3 {[%emt 0:02:12]} Rb2+ {[%emt 0:01:36]} 48. Kc3 {[%emt 0:00:11]} Reb5 {[%emt 0:01:25]} 49. Rd1 {[%emt 0:02:47]} R2b3+ {[%emt 0:04:06]} 50. Kd2 {[%emt 0:02:21]} Ra5 {[%emt 0:01:47]} 51. Ke2 {[%emt 0:01:40]} Raa3 {[%emt 0:00:31]} 52. Nf1 {[%emt 0:01:16]} Rb2+ {[%emt 0:01:00]} 53. Ke1 {[%emt 0:00:19]} Kf5 {[%emt 0:00:53]} 54. Rc1 {[%emt 0:03:25]} Kg4 {[%emt 0:00:27]} 55. Kd1 {[%emt 0:00:53]} Kh3 {[%emt 0:00:29]} 56. Ke1 {[%emt 0:00:07]} Rf3 {[%emt 0:03:09]} 57. Nd2 {[%emt 0:01:15]} Re3+ {[%emt 0:00:34]} 58. Kf2 {[%emt 0:00:11]} Rd3 {[%emt 0:00:14]} 0-1

[Event "USA-ch Seniors 2019"]
[Site "Saint Louis"]
[Date "2019.07.20"]
[Round "9.1"]
[White "Shabalov, Alexander"]
[Black "Ehlvest, Jaan"]
[Result "1/2-1/2"]
[WhiteElo "2500"]
[BlackElo "2515"]
[Annotator "TA"]
[PlyCount "63"]
[EventDate "2019.07.09"]
[EventType "tourn"]
[EventCountry "USA"]
[SourceTitle "playchess.com"]
[Source "ChessBase"]
[SourceQuality "1"]

{[%evp 18,63,45,0,13,27,13,21,41,40,24,23,62,51,55,49,34,42,43,19,31,39,40,21,23,27,30,21,22,15,17,8,8,6,2,0,0,0,0,0,0,0,0,0,0,0,0,0]} 1. d4 Nf6 2. c4 g6 3. Nc3 Bg7 4. e4 d6 5. Nf3 O-O 6. Be2 Nbd7 7. O-O e5 8. Re1 Re8 9. Bf1 a6 10. Rb1 exd4 {E95: King's Indian: Classical: 7...Nbd7 8 Re1} 11. Nxd4 c6 12. Bf4 Ne5 13. h3 Bd7 (13... Be6 14. b3 c5 15. Nxe6 Rxe6 16. Qd2 Nc6 17. Bd3 Nb4 18. Nd5 Nxd3 19. Qxd3 Nxd5 20. exd5 Rxe1+ 21. Rxe1 {½-½ (37) Wojtaszek,R (2736)-Jones,G (2664) Bilbao 2014}) 14. Qd2 $146 ({Predecessor:} 14. Nf3 b5 15. b4 Nh5 16. Bxe5 dxe5 17. a4 Rb8 18. axb5 axb5 19. cxb5 cxb5 {½-½ (58) Luers,C (1770)-Zukan,J (1585) LSS email 2012}) 14... Qc7 15. a3 Nh5 16. Be3 b5 17. cxb5 axb5 18. Be2 Nf6 19. Rbd1 Qb7 20. Bf4 d5 21. Bxe5 Rxe5 22. exd5 $1 Nxd5 {[#]The position is equal.} 23. Ndxb5 $1 {[%mdl 512]} Be6 (23... cxb5 24. Nxd5) 24. Nd4 Nxc3 25. bxc3 Rxa3 26. Bf3 {Threatens to win with Rxe5.} Rxe1+ 27. Qxe1 Bxd4 28. cxd4 Qd7 29. Qe5 Ra8 30. d5 cxd5 31. Bxd5 Bxd5 (31... Ra5 $5 32. Qb8+ $8 Kg7 33. Qe5+ Kg8 34. Qb8+ Kg7 35. Qe5+ Kg8 $11) 32. Qxd5 {Accuracy: White = 65%, Black = 89%.} 1/2-1/2

[Event "USA-ch Seniors 2019"]
[Site "Saint Louis"]
[Date "2019.07.20"]
[Round "9.2"]
[White "Kaidanov, Gregory"]
[Black "Fishbein, Alexander"]
[Result "1/2-1/2"]
[WhiteElo "2544"]
[BlackElo "2432"]
[Annotator "TA"]
[PlyCount "69"]
[EventDate "2019.07.09"]
[EventType "tourn"]
[EventCountry "USA"]
[SourceTitle "playchess.com"]
[Source "ChessBase"]
[SourceQuality "1"]

{[%evp 22,69,22,0,3,0,-17,-21,0,0,0,5,42,0,26,0,8,0,20,0,0,0,15,14,12,0,0,0,0,-5,0,0,0,0,24,16,12,11,8,0,0,0,0,0,0,0,0,0,0,0]} 1. Nf3 c5 2. c4 Nc6 3. g3 e5 4. Nc3 g6 5. Bg2 Bg7 6. d3 d6 7. a3 Nge7 8. Rb1 a5 9. O-O O-O 10. Bd2 h6 11. Ne1 Be6 12. Nc2 d5 {A37: Symmetrical English vs ...g6: 4 Bg2 Bg7 5 Nf3} 13. cxd5 Nxd5 14. Ne3 {[%cal Rg2d5]} Nxe3 (14... Nde7 {with more complications.} 15. Na4 b6 16. b4 cxb4 17. axb4 b5) (14... Nb6 15. Ne4 Qe7 16. Qc1 Nd7 17. Nc3 Kh7 18. Ned5 Qd8 19. e3 Rc8 20. Qc2 {1-0 (57) Mchedlishvili,M (2604)-Parligras,M (2616) Heraklio 2017}) 15. Bxe3 Nd4 $1 16. Bxb7 Rb8 17. Bg2 Qe7 $146 ({Predecessor:} 17... Bb3 18. Qd2 Kh7 19. Ne4 Qb6 20. Rfc1 {0-1 (38) Kalmuk,K (1966)-Chmiel,M (2136) Hucisko 2016}) 18. Qd2 Nb3 19. Qc2 Nd4 20. Qd2 Nb3 21. Qc2 Nd4 22. Bxd4 cxd4 23. Nd5 Qd7 $1 24. e4 dxe3 25. Nxe3 Rfd8 26. b4 axb4 27. axb4 Qxd3 28. Qxd3 Rxd3 {The position is equal.} 29. b5 f5 30. Bc6 Kf7 31. Rfd1 Rxd1+ 32. Rxd1 Bf8 33. Nd5 Bc5 34. Nc7 {[#] Hoping for Na6.} Bd4 35. Nxe6 {Accuracy: White = 82%, Black = 66%.} 1/2-1/2

[Event "USA-ch Seniors 2019"]
[Site "Saint Louis"]
[Date "2019.07.20"]
[Round "9.3"]
[White "Dlugy, Maxim"]
[Black "Yermolinsky, Alex"]
[Result "1-0"]
[WhiteElo "2518"]
[BlackElo "2504"]
[Annotator "TA"]
[PlyCount "97"]
[EventDate "2019.07.09"]
[EventType "tourn"]
[EventCountry "USA"]
[SourceTitle "playchess.com"]
[Source "ChessBase"]
[SourceQuality "1"]

{[%evp 9,97,11,9,3,4,0,21,16,30,34,42,25,20,17,33,32,47,58,48,47,32,30,55,31,58,29,43,37,31,30,36,11,35,26,39,25,38,15,65,61,162,161,155,152,151,149,155,166,150,92,169,79,70,47,78,85,92,68,158,125,160,141,145,137,136,87,93,95,102,94,94,93,97,90,91,93,129,122,123,127,142,133,139,139,156,144,133,138,452,465]} 1. d4 Nf6 2. Bf4 e6 3. e3 b6 4. Nf3 Be7 5. h3 O-O 6. Nbd2 {[%cal Bb1d2,Bd2c4,Bc4e3][%mdl 32] A47: 1 d4 Nf6 2 Nf3 b6: Torre, London and Colle Systems} c5 7. c3 cxd4 8. exd4 {The position is equal.} d6 9. a4 Nc6 $146 ({Predecessor:} 9... Ba6 10. Bb5 Nd5 11. Bh2 Bxb5 12. axb5 Nc7 13. Qe2 {½-½ (56) Esipenko,A (2593)-Leko,P (2669) Moscow 2018}) 10. Nc4 Bb7 11. Bd3 a6 12. O-O Rb8 13. Ne3 Re8 14. Qe2 Ra8 15. Rfd1 h6 16. Bg3 Bf8 17. Bh4 Nb8 18. Nd2 Nbd7 19. Ndc4 Qc7 20. Bg3 Qc6 21. Nd2 e5 22. Bh2 g6 23. Qf1 Bg7 24. Ndc4 Nh5 (24... Bf8 $14) 25. Be2 $18 {Strongly threatening Bf3.} Nhf6 {[#]} 26. Nxd6 $1 {[%mdl 576] Remove Defender} Qxd6 27. dxe5 Qc5 28. exf6 Nxf6 29. Rd3 ({Better is} 29. Bc4) 29... Ne4 (29... Nd5 $16) 30. Bf3 (30. Rd7 $1 $18 {[%cal Rd7b7]} Bc6 31. Rc7) 30... Bc6 $16 31. Qd1 h5 32. Bf4 Kh7 33. h4 Be5 (33... Re6 $14) 34. Bxe5 Qxe5 35. Bxe4 Qxe4 36. Rd4 Qe5 37. Qb3 Re6 38. Rad1 Rae8 39. Qb4 a5 40. Qc4 Kg7 41. Rd8 Rxd8 42. Rxd8 Rd6 {[#]} 43. Rxd6 $1 Qxd6 44. b3 Kf8 {[#]} 45. Kf1 $1 Ke7 46. Ke2 Bb7 47. f3 Bc6 48. Qa6 Qe6 $2 {[%mdl 8192]} (48... Qc5 $16 {is more resistant.} 49. Kd3 Qd6+ 50. Kc2 Qc5) 49. Qxb6 {Accuracy: White = 54%, Black = 26%.} 1-0

[Event "USA-ch Seniors 2019"]
[Site "Saint Louis"]
[Date "2019.07.20"]
[Round "9.4"]
[White "Novikov, Igor"]
[Black "Goldin, Alexander"]
[Result "0-1"]
[WhiteElo "2556"]
[BlackElo "2540"]
[Annotator "TA"]
[PlyCount "104"]
[EventDate "2019.07.09"]
[EventType "tourn"]
[EventCountry "USA"]
[SourceTitle "playchess.com"]
[Source "ChessBase"]
[SourceQuality "1"]

{[%evp 22,104,12,6,14,12,8,11,12,10,22,31,32,-15,-11,-50,-47,-70,-67,-85,-101,-81,-78,-121,-79,-106,-68,-95,-79,-135,-145,-139,-125,-191,-206,-215,-214,-210,-218,-247,-217,-213,-191,-186,-205,-200,-204,-232,-209,-207,-212,-212,-181,-214,-205,-205,-188,-201,-172,-189,-166,-174,-165,-256,-249,-289,-282,-305,-297,-291,-286,-474,-458,-483,-362,-971,-987,-975,-949,-775,-808,-1041,-1020,-671,-629]} 1. d4 Nf6 2. c4 e6 3. Nf3 d5 4. Nc3 Be7 5. cxd5 exd5 6. Bg5 c6 7. Qc2 Nbd7 8. e3 Nh5 9. Bxe7 Qxe7 10. O-O-O g6 11. h3 Nb6 12. Bd3 Ng7 {D36: Queen's Gambit Declined: Exchange Variation: Main line (5 Bg5 c6 6 Qc2)} 13. g4 Be6 14. Kb1 O-O-O {The position is equal.} 15. Na4 Nxa4 16. Qxa4 Kb8 {[#]} 17. Qc2 $146 ({Predecessor:} 17. Rc1 Ne8 18. Rc3 Nd6 19. Rhc1 Nc4 20. Bxc4 dxc4 {½-½ (55) Lysyj,I (2617)-Sokolov,I (2667) Al Ain 2012}) 17... Ne8 18. Nd2 h5 19. f3 Bc8 20. Rhe1 Qh4 21. Bf1 Nc7 22. Nb3 Rde8 23. Qg2 Re7 24. Nc5 Rhe8 25. Qg1 (25. Qd2 $142) 25... hxg4 $17 26. hxg4 Qg5 {[%cal Re7e3]} 27. Re2 (27. Qf2 $17) 27... Rxe3 28. Ne4 R3xe4 $1 ({Weaker is} 28... dxe4 29. Rxe3 exf3 30. Rxe8 $11) 29. fxe4 Qxg4 30. Qf2 Rxe4 31. Red2 Qf4 32. Bg2 {[#]} Qxf2 $1 33. Rxf2 {[#]} Re7 $1 34. Rh1 Bf5+ 35. Kc1 Nb5 36. Rh4 Kc7 37. Kd2 Nd6 38. b3 Kd7 39. Bf3 Be4 40. Be2 Ke6 41. Rh6 Rc7 42. a4 (42. Rf1 $142) 42... c5 $19 43. dxc5 Rxc5 44. Bd1 Bf5 45. Ke1 Rc3 46. Rd2 $2 (46. Rhh2) 46... Ne4 47. Rc2 {If only White now had time for Rxc3....} Rxb3 {White must now prevent ...Rb1.} 48. Rc6+ $2 (48. Rhh2) 48... bxc6 {Black is clearly winning.} 49. Bxb3 c5 {[%cal Bc6c5,Bc5c4][%mdl 32]} 50. Rh8 c4 51. Bc2 d4 52. Re8+ Kd5 {Accuracy: White = 33%, Black = 91%.} 0-1

[Event "USA-ch Seniors 2019"]
[Site "Saint Louis"]
[Date "2019.07.20"]
[Round "9.5"]
[White "Benjamin, Joel"]
[Black "Christiansen, Larry"]
[Result "0-1"]
[WhiteElo "2524"]
[BlackElo "2574"]
[Annotator "TA"]
[PlyCount "158"]
[EventDate "2019.07.09"]
[EventType "tourn"]
[EventCountry "USA"]
[SourceTitle "playchess.com"]
[Source "ChessBase"]
[SourceQuality "1"]

{[%evp 10,158,19,26,21,25,30,14,29,29,63,71,61,71,99,66,67,39,92,58,68,63,74,49,43,35,59,54,55,55,70,9,5,0,0,0,0,-12,-7,-12,-9,-8,-10,-15,-16,-22,-5,-4,-4,-10,0,-25,-24,-31,-26,-16,-21,-21,-10,-39,-34,-41,-41,-42,-25,-25,0,-32,-32,-45,-39,-38,-26,-64,-64,-61,-62,-75,-75,-102,-87,-101,-98,-160,-164,-164,-126,-412,-401,-601,-603,-709,-688,-701,-637,-698,-665,-643,-370,-258,0,-632,0,-708,-695,-658,-590,-777,-735,-679,-881,-533,-189,-195,-195,-195,-178,-195,-195,-195,-188,-188,-188,-227,-227,-338,-332,-286,-145,-145,-140,-139,-137,-120,-64,-64,-64,-64,-64,-81,-81,-235,-219,-1514,-935,-3781,-2144,-29981,-29982,-29977,-29954]} 1. e4 c5 2. Nf3 Nc6 3. Bb5 e6 4. O-O Nge7 5. d4 cxd4 6. Nxd4 Nxd4 {B30: Sicilian: 2...Nc6 3 Bb5, lines without ...g6} (6... Qb6 7. Nxc6 bxc6 8. Bd3 Ng6 9. c4 Bc5 10. Nc3 Qc7 11. Kh1 e5 12. Na4 Bd4 13. c5 d6 14. Be3 dxc5 15. Nxc5 Bxb2 {0-1 (56) Adams,M (2712)-Adhiban,B (2668) Douglas 2018}) 7. Qxd4 a6 8. Be2 Nc6 {The position is equal.} 9. Qc3 Qf6 10. Qxf6 gxf6 11. Be3 b6 $146 ({Predecessor:} 11... d5 12. exd5 Nb4 13. Na3 Nxd5 14. Bd2 {½-½ (49) Sadzikowski,D (2590)-Noe,C (2471) Germany 2017}) 12. c3 Bc5 13. Bh6 Bf8 (13... Rg8 $14) 14. Bf4 Bb7 15. Nd2 Ne5 16. Rfd1 Rg8 17. f3 d5 18. exd5 Bxd5 19. Kf1 h5 20. Bxe5 (20. a4 $14) 20... fxe5 $11 21. Nc4 Bxc4 22. Bxc4 Ke7 23. Rd3 b5 24. Bb3 Bh6 25. Re1 Kf6 26. Bc2 h4 27. h3 Bf4 28. Rd7 Rac8 29. Be4 a5 30. Bh7 Rh8 31. Be4 b4 32. cxb4 axb4 33. Red1 Rhg8 34. Re1 Rc5 35. Red1 Rb8 36. b3 Be3 37. Ke2 Bf4 38. Ra7 Rg8 39. Kf1 Rcc8 40. Rad7 Be3 41. Ke2 Bc5 42. Kf1 Bd4 43. Rb7 Rb8 44. Rxb8 Rxb8 $17 {[%mdl 4096] Endgame KRB-KRB} 45. Rc1 Kg5 46. Bd3 (46. Rc7 $142) 46... Ra8 47. Rc2 Bc3 48. Re2 $2 {[%mdl 8192]} (48. Be4 $17 Ra7 49. Bd3) 48... Rd8 $1 $19 {[%cal Rd8d3]} 49. Bc2 (49. Re3 $142 Bd2 50. Rxe5+ Kf6 51. Rh5 Rxd3 52. Rxh4) 49... f5 50. Kf2 Kf4 51. Kf1 Kg3 52. Kg1 Rd4 53. Kf1 Rf4 54. Bd1 Rd4 $2 (54... e4 55. Rc2 exf3 56. gxf3 Kxh3) 55. Bc2 Rd8 56. Kg1 Bd4+ 57. Kf1 Rc8 58. Ke1 Rc3 59. Kf1 Be3 60. Ke1 Kf4 $2 (60... f4 61. Kf1 Rc7) 61. Kf1 e4 62. fxe4 fxe4 63. Ke1 Rc5 64. Kd1 Re5 65. Ke1 Bd4 66. Kd1 {[#]} Bg1 $1 67. Rd2 (67. Bb1 $142) 67... Be3 68. Re2 {[#]} Rc5 ({Black should try} 68... Bd4 $1 $19 {[%cal Rd4c3]} 69. Kc1 Bc3) 69. Ke1 $17 Ra5 70. Bb1 Ra7 71. Kd1 e5 (71... Ra8 $17 72. Rc2 Ke5) 72. Ke1 $15 Rd7 73. Bc2 Rd4 74. Kf1 Bc1 {Hoping for ...e3.} 75. Rf2+ $2 (75. Bb1 $17) 75... Kg3 76. Re2 $2 (76. Ke1) 76... e3 $19 77. Re1 Bd2 78. Re2 Rf4+ 79. Kg1 Rf7 {Accuracy: White = 44%, Black = 61%.} 0-1